| 000 | 00575nam a2200169 i 4500 | ||
|---|---|---|---|
| 001 | 56006 | ||
| 003 | ES-MaACL | ||
| 005 | 20230906163251.0 | ||
| 007 | t| | ||
| 008 | 031001s1967 sp ||||1| spa d | ||
| 100 | 1 |
_aDíaz del Moral, Juan. _944259 |
|
| 245 | 1 | 4 |
_aLas reformas agrarias europeas de la posguerra _b: 1918-1929 / _cJuan Díaz del Moral ; prólogo de Carmelo Díaz-González. |
| 260 |
_aMadrid : _bRevista de Derecho Privado, _c[1967] |
||
| 300 |
_aXXIV, 227 p. ; _c23 cm. |
||
| 700 | 1 |
_aDíaz-González, Carmelo. _944294 |
|
| 852 |
_aES-MaACL _jC-33150 _bR.64071 |
||
| 999 |
_c56006 _d56006 |
||